Sarah Kinsley - Lovegod (All lyrics) - Statistics

General Stats
  • This quiz has been taken 4 times
  • The average score is 158 of 228
Answer Stats
Answer % Correct
a
100%
an
100%
anyone
100%
away
100%
Lovegod,
100%
me
100%
mind
100%
my
100%
of
100%
send
100%
Send
100%
So
100%
someone
100%
the
100%
To
100%
to
100%
And
67%
are
67%
chance
67%
dark
67%
(Delay
67%
delay
67%
eyes
67%
feel
67%
feeling,
67%
feeling)
67%
for
67%
give
67%
go
67%
God
67%
he
67%
heart
67%
holy
67%
I
67%
In
67%
in
67%
inside
67%
into
67%
just
67%
kiss
67%
mountain
67%
Now
67%
open
67%
praises
67%
say
67%
see
67%
Singing
67%
sun
67%
they
67%
They
67%
Walking
67%
want
67%
who
67%
with
67%
you
67%
"You
67%
am
33%
bar
33%
be
33%
Because
33%
But
33%
but
33%
by
33%
close
33%
don't
33%
dream
33%
drink
33%
feels
33%
finally
33%
forces
33%
his
33%
His
33%
I'll
33%
indifferent
33%
isn't
33%
it
33%
it,
33%
It's
33%
Kissing
33%
know
33%
leaning
33%
like
33%
lips
33%
lonely
33%
look
33%
lovers
33%
mine
33%
moment
33%
nice
33%
prick
33%
regard
33%
rising
33%
room
33%
says
33%
side
33%
stare
33%
surely
33%
that
33%
tonight"
33%
up
33%
vision
33%
wake
33%
We
33%
where
33%
without
33%
wrong
33%
yearning
33%
No matching quizzes found
Score Distribution
Percent of People with Each Score
Percentile by Number Answered
Your Score History
You have not taken this quiz